Lengua española : (Registro nro. 9774)

Detalles MARC
000 -LEADER
fixed length control field 02466nam a2200385 a 4500
001 - CONTROL NUMBER
control field 000032095
003 - CONTROL NUMBER IDENTIFIER
control field DO-SdBNP
005 - DATE AND TIME OF LATEST TRANSACTION
control field 20160414125543.0
007 - PHYSICAL DESCRIPTION FIXED FIELD--GENERAL INFORMATION
fixed length control field 000032095
008 - FIXED-LENGTH DATA ELEMENTS--GENERAL INFORMATION
fixed length control field 110712s2013 dr ac 000 0 spa d
020 ## - INTERNATIONAL STANDARD BOOK NUMBER
International Standard Book Number 9789945495313 (v. 1)
020 ## - INTERNATIONAL STANDARD BOOK NUMBER
International Standard Book Number 9789945495321 (v. 2)
020 ## - INTERNATIONAL STANDARD BOOK NUMBER
International Standard Book Number 994549533X (v. 3)
020 ## - INTERNATIONAL STANDARD BOOK NUMBER
International Standard Book Number 9945495348 (v. 4)
040 ## - CATALOGING SOURCE
Original cataloging agency BPMSU
Language of cataloging spa
Transcribing agency BPMSU
092 ## - LOCALLY ASSIGNED DEWEY CALL NUMBER (OCLC)
Classification number xxxx
Item number xxxx
100 1# - MAIN ENTRY--PERSONAL NAME
Personal name Gómez, Fiume
245 10 - TITLE STATEMENT
Title Lengua española :
Remainder of title educación básica. /
Statement of responsibility, etc. Fiume Gómez ; producción editorial María del Jesús de la Rosa ; ilustración Ramón Sandoval.
260 ## - PUBLICATION, DISTRIBUTION, ETC. (IMPRINT)
Place of publication, distribution, etc. Santo Domingo :
Name of publisher, distributor, etc. Actualidad Escolar,
Date of publication, distribution, etc. 2013.
300 ## - PHYSICAL DESCRIPTION
Extent 8 v. :
Other physical details il., retrs. ;
Dimensions 28 cm.
500 ## - GENERAL NOTE
General note Edición revisada y actualizada al 2013
500 ## - GENERAL NOTE
General note La biblioteca solamente posee los volumenes del 1 al 4.
500 ## - GENERAL NOTE
General note Cada volumen incluye el libro del maestro.
505 0# - FORMATTED CONTENTS NOTE
Formatted contents note v. 1 :
Miscellaneous information unidad 1 --
Title A la escuela --
Miscellaneous information unidad 2 --
Title Mi familia --
Miscellaneous information unidad 3 --
Title Me relaciono --
Miscellaneous information unidad 4 --
Title Llegó la navidad --
Miscellaneous information unidad 5 --
Title Mi comunidad --
Miscellaneous information unidad 6 --
Title Todos trabajamos --
Miscellaneous information unidad 7 --
Title Me comunico --
505 0# - FORMATTED CONTENTS NOTE
Formatted contents note v. 2 :
Miscellaneous information unidad 1 --
Title De regreso a la escuela --
Miscellaneous information unidad 2 --
Title Medio ambiente --
Miscellaneous information unidad 3 --
Title El gato con botas --
Miscellaneous information unidad 4 --
Title La lagartija preocupada --
Miscellaneous information unidad 5 --
Title Descubro mi entorno --
Miscellaneous information unidad 6 --
Title Conoce tu pasado --
Miscellaneous information unidad 7 --
Title Expresa tus ideas --
Miscellaneous information unidad 8 --
Title La bobina maravillosa --
505 0# - FORMATTED CONTENTS NOTE
Formatted contents note v. 3 :
Miscellaneous information unidad 1 --
Title Conozco mi entorno --
Miscellaneous information unidad 2 --
Title Valoro mi tiempo --
Miscellaneous information unidad 3 --
Title El camello cojito --
Miscellaneous information unidad 4 --
Title Sobra, sombrita --
Miscellaneous information unidad 5 --
Title Yan y Yon --
Miscellaneous information unidad 6 --
Title El cuervo y el zorro --
Miscellaneous information unidad 7 --
Title La granja de la abuela --
Miscellaneous information unidad 8 --
Title El murciélago --
Miscellaneous information unidad 9 --
Title El flautista de Hamelin --
505 0# - FORMATTED CONTENTS NOTE
Formatted contents note v. 4 :
Miscellaneous information unidad 1 --
Title Mi primer día de clases --
Miscellaneous information unidad 2 --
Title A Quisqueya --
Miscellaneous information unidad 3 --
Title El águila y la asamblea de los animales --
Miscellaneous information unidad 4 --
Title Costumbres y leyendas de mi país --
Miscellaneous information unidad 5 --
Title El ritmo de las ideas --
Miscellaneous information unidad 6 --
Title Relatos maravillosos --
Miscellaneous information unidad 7 --
Title Los encantos de Arroyo Frío --
Miscellaneous information unidad 8 --
Title ¡Qué dulce es la miel! --
700 1# - ADDED ENTRY--PERSONAL NAME
Personal name Rosa, María del Jesús de la
Relator term ed.
700 1# - ADDED ENTRY--PERSONAL NAME
Personal name Sandoval, Ramón
Relator term il.
930 #1 - EQUIVALENCE OR CROSS-REFERENCE-UNIFORM TITLE HEADING [LOCAL, CANADA]
Language of a work BND01
Medium of performance for music LF1
Field link and sequence number 20110712
Date of a work 01
Name of part/section of a work HD
Miscellaneous information 27328
942 ## - ADDED ENTRY ELEMENTS (KOHA)
Source of classification or shelving scheme Dewey Decimal Classification
Koha item type Libros
956 ## - LOCAL ELECTRONIC LOCATION AND ACCESS (OCLC)
Host name DGARCIA
Access number 10
Compression information 20150807
Logon BND01
Processor of request 1001
956 ## - LOCAL ELECTRONIC LOCATION AND ACCESS (OCLC)
Host name YLOCKWARD
Access number 10
Compression information 20150807
Logon BND01
Processor of request 1314
956 ## - LOCAL ELECTRONIC LOCATION AND ACCESS (OCLC)
Host name VMATEO
Access number 10
Compression information 20150813
Logon BPMSU
Processor of request 00151
Existencias
Withdrawn status Lost status Source of classification or shelving scheme Damaged status Not for loan Home library Current library Date acquired Source of acquisition Total Checkouts Barcode Date last seen Price effective from Koha item type
    Dewey Decimal Classification     Biblioteca Pública Metropolitana Salomé Ureña Biblioteca Pública Metropolitana Salomé Ureña 04/14/2016 Donación   BPMSU16040445 04/14/2016 04/14/2016 Libros